| 000 | 00496nam a2200193Ia 4500 | ||
|---|---|---|---|
| 003 | STCL | ||
| 008 | 230729s9999 xx 000 0 und d | ||
| 020 | _a9780070635265 | ||
| 040 |
_aSTCL _cSTCL _bEN |
||
| 082 | _222 | ||
| 100 | _aPost, Gerald V | ||
| 245 | 0 | _aDatabase management system: designing and building business application | |
| 250 | _a3 | ||
| 260 |
_bTata McGraw Hill Education _aNew Delhi _c2009 |
||
| 300 | _a424 p | ||
| 365 | _b450 | ||
| 546 | _aEnglish | ||
| 942 |
_2DDC _e22 _cBK |
||
| 999 |
_c89951 _d89951 |
||